banner-ar

سلطان غالبيف: ابو الثورة فى العالم الثالث / (Record no. 56242)

MARC details
000 -الفاتح
حقل البيانات ثابتة الطول 00819nam a2200229Ia 4500
008 - عناصر البيانات ثابتة الطول - معلومات عامة
حقل البيانات ثابتة الطول 140319s9999 xx 000 0 ara d
040 ## - مصدر الفهرسة
وكالة الفهرسة الأصلية GCL /
وكالة النسخ GCL
082 04 - رقم تصنيف ديوى العشرى
رقم التصنيف 320.532
رقم المادة ب س
100 1# - المدخل الرئيسى - إسم شخصى
الإسم الشخصى بيبتجس، الكسندر
245 10 - بيان العنوان
العنوان سلطان غالبيف: ابو الثورة فى العالم الثالث /
بيان المسئوليه,etc بيبتجس، الكسندر
700 1# - المدخل الاضافى - اسم شخصى
الإسم الشخصى كيلجى, شانتال لومبرسيية
700 1# - المدخل الاضافى - اسم شخصى
الإسم الشخصى سوزان خليل (مترجم)
260 ## - PUBLICATION, DISTRIBUTION, ETC. (IMPRINT)
تاريخ النشر أو التوزيع 1992
490 ## - بيان السلسلة
عنوان السلسلة
650 04 - المدخل الاضافى بالموضوع-مصطلح موضوعى
مصطلح موضوعي الاتحاد السوفيتى
650 04 - المدخل الاضافى بالموضوع-مصطلح موضوعى
مصطلح موضوعي الاسلام والشيوعية
650 04 - المدخل الاضافى بالموضوع-مصطلح موضوعى
مصطلح موضوعي الحركات الفكرية عند المسلمين
650 04 - المدخل الاضافى بالموضوع-مصطلح موضوعى
مصطلح موضوعي الشيوعية
650 04 - المدخل الاضافى بالموضوع-مصطلح موضوعى
مصطلح موضوعي المغول والتتار
942 ## - عناصر المدخل الإضافي( كوها)
مصدر التصنيف او مخطط الترفيف Dewey Decimal Classification
Koha [default] item type كتاب
260 ## - PUBLICATION, DISTRIBUTION, ETC. (IMPRINT)
-- [S.N] :
-- دار العالم الثالث ،
Holdings
حالة التراجع حالة الفقد حالة تلف ليس للاعارة المكان المؤقت الموقع الحالى تاريخ الاكتساب اجمالي اﻻعارات رقم الطلب الباركود تاريخ اخر مشاهدة تاريخ تفعيل السعر نوع وعاء كوها
        مكتبة القاهرة الكبرى مكتبة القاهرة الكبرى 03/26/2014   320.532\ب س 134888 03/26/2014 03/26/2014 كتاب

Powered By

EGPV